| 000 | 00000nam 2200000zi 4500 |
| 001 | 9.946798 |
| 003 | CaOODSP |
| 005 | 20250121091710 |
| 006 | m o d f |
| 007 | cr bn||||||||| |
| 008 | 250113t19771977oncabd obfu f000 0 eng d |
| 040 | |aCaOODSP|beng|erda|cCaOODSP |
| 043 | |an-cn--- |
| 086 | 1 |aNR24-28/1977-4E-PDF |
| 245 | 00|aCommentaries on Part 4 of the National Building Code of Canada 1977 : |bsupplement no. 4 to the National Building Code of Canada / |cissued by the Associate Committee on the National Building Code. |
| 246 | 10|aSupplement no. 4 to the National Building Code of Canada |
| 250 | |aThird edition 1977. |
| 264 | 1|aOttawa : |bNational Research Council of Canada, |c1977. |
| 264 | 4|c©1977 |
| 300 | |a1 online resource (vii, 154 pages) : |billustrations, maps, graphs |
| 336 | |atext|btxt|2rdacontent |
| 337 | |acomputer|bc|2rdamedia |
| 338 | |aonline resource|bcr|2rdacarrier |
| 500 | |aIssued also in French under title: Commentaires sur la partie 4 du Code national du bâtiment du Canada 1977 : supplément no 4 du Code national du bâtiment du Canada. |
| 504 | |aIncludes bibliographical references. |
| 520 | |a"The purpose of these commentaries is to make available to the designer detailed design information which will assist him in his use of the National Building Code. The commentaries are provided as background information and, in some cases, as suggested approaches to certain design questions, but not as mandatory requirements. This edition contains an important new Commentary on foundations (Commentary L), which has been prepared to provide background material in support of Section 4.2 (Foundations) of the NBC"--Preface, page vii. |
| 650 | 0|aBuilding laws|zCanada. |
| 650 | 0|aBuildings|xStandards|zCanada. |
| 650 | 0|aStructural design|vHandbooks, manuals, etc. |
| 650 | 0|aMasonry|vHandbooks, manuals, etc. |
| 655 | 7|aHandbooks and manuals|2lcgft |
| 710 | 2 |aNational Research Council of Canada. |bAssociate Committee on the National Building Code, |eissuing body. |
| 775 | 08|tCommentaires sur la partie 4 du Code national du bâtiment du Canada 1977 : |w(CaOODSP)9.946800 |
| 795 | |tCommentaries on Part 4 (including requirements for plain and reinforced masonry) of the National Building Code of Canada 1975 : |w(CaOODSP)9.946724 |
| 856 | 40|qPDF|s7.18 MB|uhttps://publications.gc.ca/collections/collection_2025/cnrc-nrc/NR24-28-1977-4-eng.pdf |
| 986 | |a15558 |